Karina In Every MV - Statistics

General Stats
  • This quiz has been taken 91 times
    79 since last reset
  • The average score is 18 of 24
Answer Stats
Picture Answer % Correct
Whiplash
98%
Armageddon
96%
Drama
96%
Supernova
94%
Spicy
92%
Better Things
88%
Girls
88%
Savage
88%
Next Level
85%
Beautiful Christmas
83%
Dreams Come True
83%
Black Mamba
79%
Forever
79%
Welcome to MY World
73%
Life's Too Short
69%
Live My Life
65%
Hot Mess
58%
Step Back
58%
Salty & Sweet
56%
Thirsty
56%
Licorice
54%
Stamp On It
54%
Long Chat
50%
I'm Unhappy
48%
No matching quizzes found
Score Distribution
Percent of People with Each Score
Percentile by Number Answered
Your Score History
You have not taken this quiz since the last reset